Cam'ron Discography - Statistics

General Stats
  • This quiz has been taken 3 times
    2 since last reset
  • The average score is 4 of 27
Answer Stats
Year Name Type % Correct
2006 Killa Season Album
100%
2002 Come Home with Me Album
50%
1998 Confessions of Fire Album
50%
2004 Purple Haze Album
50%
2019 Purple Haze 2 Album
50%
2000 S.D.E. Album
50%
2014 1st of the Month: Box Set Compilation
0%
2014 1st of the Month Vol. 1 EP
0%
2014 1st of the Month Vol. 2 EP
0%
2014 1st of the Month Vol. 3 EP
0%
2014 1st of the Month Vol. 4 EP
0%
2014 1st of the Month Vol. 5 EP
0%
2014 1st of the Month Vol. 6 EP
0%
2009 Boss of All Bosses Mixtape
0%
2010 Boss of All Bosses 2 Mixtape
0%
2010 Boss of All Bosses 2.5 Mixtape
0%
2011 Boss of All Bosses 2.8 Mixtape
0%
2011 Boss of All Bosses 3 Mixtape
0%
2015 Contraband Collaborative EP
0%
2009 Crime Pays Album
0%
2013 Ghetto Heaven Vol. 1 Mixtape
0%
2011 Gunz n' Butta Collaborative Album
0%
2010 Heat in Here Vol. 1 Collaborative Album
0%
2007 Public Enemy #1 Mixtape
0%
2017 The Program Mixtape
0%
2012 UNLostFiles Mixtape
0%
2012 UNLostFiles 2 Mixtape
0%
No matching quizzes found
Score Distribution
Percent of People with Each Score
Percentile by Number Answered
Your Score History
You have not taken this quiz since the last reset